000 02302cam a22005174i 4500
003 PE-LiUPU
005 20250731173449.0
008 150617s1982 sp r 000 0 spa d
020 _a8470573233
035 _a(Sirsi) i9788470573231
040 _aPE-LiUPU
_bspa
_cPE-LiUPU
_erda
049 _aPRUA
082 0 4 _a229.91
_bD73
_221
100 1 _aDiez Macho, Alejandro,
_eautor.
245 1 0 _aApocrifos del antiguo testamento /
_cAlejandro Diez Macho.
264 1 _aMadrid :
_bCristiandad,
_c1982.
300 _a395 páginas ;
_c24 centímetros
336 _atext
_2rdacontent
337 _aunmediated
_2rdamedia
338 _avolume
_2rdacarrier
505 0 _aSalmos de Salomón -- Odas de Manases -- Libro de cuarto de los macabeos -- Libro arameo de Ajicar -- José y asenet -- Oráculos sibilinos.
526 _aSEG42
526 _aSEG41
526 _aSEG40
526 _aSEG39
526 _aP94
526 _aP87
526 _aP86
526 _aP85
526 _aP77
526 _aP76
526 _aP35
541 _Teología;
541 _Teología;
630 0 4 _aBiblia
_pA.T.
_pApócrifos
_xIntroducciones.
910 _ajck
_bjvq
_cjck
_d20150616
942 _2ddc
_cBOOK
949 _a229.9 D73
_wDEWEY
_c1
_i39638
_d2016-4-26
_e2016-4-25
_lCCODEBUL1
_mBUL
_n1
_r0
_sY
_tBOOK
_u2015-6-16
_xTEOLOGIA
_PP35
_0COMPRA
_o.STAFF. Colección Teología
949 _a229.91 D73
_wDEWEY
_c1
_i22957
_lCCODEBUL1
_mBUL
_r0
_sY
_tBOOK
_u2015-6-17
_xTEOLOGIA
_PP35
_0COMPRA
_o.STAFF. Colección Teología
949 _a229.91 D73
_wDEWEY
_c2
_i22421
_lCCODEBUL1
_mBUL
_r0
_sY
_tBOOK
_u2015-6-17
_xTEOLOGIA
_PP35
_0COMPRA
_o.STAFF. Colección Teología
994 _aC0
_bPEPRU
596 _a1
999 _a229.9 D73
_wDEWEY
_c57338
_i39638
_d57338
_e2018-6-18
_f2021-11-9
_g5
_lCCODEBUL1
_mBUL
_n4
_p29.63
_q1
_r0
_sY
_tBOOK
_u2015-6-16
_xTEOLOGIA
_PP35
_0COMPRA
_o.STAFF. Colección Teología
999 _a229.91 D73
_wDEWEY
_c1
_i22957
_d2018-5-6
_e2017-5-9
_f2021-11-9
_g5
_lCCODEBUL1
_mBUL
_n1
_p102.00
_q3
_r0
_sY
_tBOOK
_u2015-6-17
_xTEOLOGIA
_PP35
_0COMPRA
_o.STAFF. Colección Teología
999 _a229.91 D73
_wDEWEY
_c2
_i22421
_d2018-5-21
_f2021-11-9
_g5
_lCCODEBUL1
_mBUL
_p102.00
_q1
_r0
_sY
_tBOOK
_u2015-6-17
_xTEOLOGIA
_PP35
_0COMPRA
_o.STAFF. Colección Teología
980 _81
_gALBERTO SANCHEZ Responsable de Automatización